| 000 | 01083naa a22003017a 4500 | ||
|---|---|---|---|
| 001 | BR6009654 | ||
| 003 | BR-BrBNA | ||
| 005 | 20240918173053.0 | ||
| 007 | ta | ||
| 008 | 230509b bl.||||| |||| 00| 0 por d | ||
| 040 |
_aBR-BrBNA _bpor _cBiblioteca Nacional de Agricultura |
||
| 041 | _a(Es) | ||
| 072 | _aF00 | ||
| 090 | _aF00 BR6009654 | ||
| 100 | 1 | _aFischer, G.J. | |
| 111 | 1 |
_a2. Congresso Rio Grandense de Agronomia _cPorto Alegre, RS (Brazil) _d15 May 1940 |
|
| 245 | 1 | _aTratamentos de semillas [Producao vegetal; Semente; Trigo; Triticum spp; Germinacao] | |
| 260 | 3 |
_aPorto Alegre, RS (Brasil): _c1940. |
|
| 500 | _aAnais do 2. Congresso Rio Grandense de Agronomia Porto Alegre, RS (Brasil): 1940. v. 1 p. 271-279 (BR6009654-AM)F00 | ||
| 650 | _aProducao vegetal | ||
| 650 | _aSemente | ||
| 650 | _aTrigo | ||
| 650 | _aGerminacao | ||
| 650 | _aPoder germinativo | ||
| 773 | 0 |
_tAnais do 2. Congresso Rio Grandense de Agronomia _wF00 BR6009654 _gPorto Alegre, RS (Brasil), 1940. v. 1 p. 271-279 |
|
| 909 |
_a202404 _bLucia _c55 _dLucia Elande |
||
| 942 |
_cAM _2AGRIS |
||
| 999 |
_c302736 _d302736 |
||